000 00993cam a2200253 4500
001 ABS65304
008 020501n2002 000 0 eng u
035 _a(Sirsi) u117802
100 _aButton, R
245 _aOld friend has a facelift
260 _c2002
490 _aCSM
_bChartered Surveyor Monthly
_vApril 2002, 26(1)
520 _aOutlines how JCT has recently adopted and re-published what was previously known as DOM/1 sub-contract. It is now known as JCT Standard Form of Domestic Sub-contract 2002 edition (DSC). Examines changes between the two including order in which clauses appear. Major changes relate to payment provisions and communication between parties.
590 _aABS
650 _aContracts
_96232
650 _aJCT
650 _aDOM/1
650 _aJCT STANDARD FORM OF DOMESTIC SUB-CONTRACT 2002
650 _aDSC
650 _aPAYMENT PROVISIONS
690 _aBUILDING AND CONSTRUCTION-CONTRACTS-JCT CONTRACTS
700 _aMills, R
942 _n0
999 _c70148
_d70148